| 000 | 004810000a22001810004500 | ||
|---|---|---|---|
| 020 | _a1-55874-017-1 | ||
| 041 | 0 | _aENG | |
| 082 | 0 | 4 | _aG 616.86 C6415p |
| 100 | 1 | _aCermak, Timmen L. | |
| 245 | 1 | 0 | _aA primer on adult children of alcoholics / Timmen L. Cermak |
| 260 | _aDeerfield Beach, FL., USA : Health | ||
| 300 | _a87 Pag | ||
| 001 | 10450 | ||
| 942 | _cBK | ||
| 999 |
_c40001 _d40001 |
||
| 336 |
_atexto _btxt _2rdacontent |
||
| 337 |
_2rdamedia _asin mediación _bn |
||
| 338 |
_2rdacarrier _avolumen _bnc |
||